| 000 | 00411nam a2200193Ia 4500 | ||
|---|---|---|---|
| 008 | 210210b1961 xxu||||| |||| 00| 0 eng d | ||
| 041 | _aeng | ||
| 082 | _a531/99 | ||
| 100 | _aMUKHERJEE (J C) | ||
| 245 | _aCollege physics Part I | ||
| 260 |
_aCalcutta _b- _c1961 |
||
| 300 | _a183 | ||
| 650 | _aphysics | ||
| 650 | _aPart | ||
| 650 | _aI | ||
| 650 | _aCollege | ||
| 690 | _aPhysics | ||
| 906 | _a008300 | ||
| 999 |
_c126201 _d126201 |
||